| 000 | 00828nam a2200241Ia 4500 | ||
|---|---|---|---|
| 003 | OSt | ||
| 005 | 20220927105157.0 | ||
| 006 | a|||||r|||| 00| 0 | ||
| 007 | ta | ||
| 008 | 220926b |||||||| |||| 00| 0 eng d | ||
| 024 | _a154898 | ||
| 037 | _cReference Collections | ||
| 040 |
_aRTL _cRTL _beng |
||
| 041 |
_2eng _aeng |
||
| 082 | _a"X 9 (J) : 24 . 1N45 . N88, M8 .38" | ||
| 110 |
_a"UNITES STATES , FOOD AND AGRICULTURE ORGANIZATION" _9370698 |
||
| 245 | 0 | _aFertilizer engrais fertiligantes . | |
| 260 |
_aRome _bFood and agriculture organization . _c1988 |
||
| 300 |
_a"xxxi , 121" _ccm. |
||
| 700 |
_a"UNITES STATES , FOOD AND AGRICULTURE ORGANIZATION" _9370699 |
||
| 942 |
_h"X 9 (J) : 24 . 1N45 . N88, M8 .38" _cCC |
||
| 999 |
_c691028 _d691028 |
||